000 00617nam a2200193Ii 4500
003 JO-AjNU
008 230605s9999||||xx |||||||||||||| ||und||
040 _aJO-AjNU
_bara
_erda
_cJO-AjNU
041 _aara
050 1 4 _aRM235.R55 2004
100 3 _aاعداد رمال ،عايدة ,
_eauthor
_913476
245 0 0 _aالماكروبيوتك والعلاج بالاعشاب
264 3 1 _aبيروت :دار اليوسف ،2004
300 _a112ص
336 _atext
_btxt
_2rdacontent
337 _aunmediated
_bn
_2rdamedia
338 _avolume
_bnc
_2rdacarrier
650 4 _aالتداوي بالاعشاب
_913477
999 _aA3366
_c6934
_d6934